Pohľady na ekonomiku Slovenska 2003 konferencia
Salvato in:
| Altri autori: | , |
|---|---|
| Natura: | Libro |
| Lingua: | slovacco |
| Pubblicazione: |
Bratislava
Slovenská štatistická a demografická spoločnosť
2003
|
| Soggetti: | |
| Tags: |
Nessun Tag, puoi essere il primo ad aggiungerne!!
|
MARC
| LEADER | 00000nam$a2200000$$$4500 | ||
|---|---|---|---|
| 001 | 0022067 | ||
| 005 | 20240104094958.6 | ||
| 020 | |a 80-88946-26-3 | ||
| 041 | 0 | |a slo | |
| 044 | |a SK | ||
| 245 | 1 | 0 | |a Pohľady na ekonomiku Slovenska 2003 |b konferencia |c zostavili: Jozef Chajdiak, Ján Luha |
| 264 | 1 | |a Bratislava |b Slovenská štatistická a demografická spoločnosť |c 2003 | |
| 300 | |a 62 s. | ||
| 610 | 2 | 0 | |a spoločnosť |
| 610 | 2 | 0 | |a štatistika |
| 610 | 2 | 0 | |a demografia |
| 610 | 2 | 0 | |a história |
| 610 | 2 | 0 | |a makroekonomika |
| 610 | 2 | 0 | |a vývoj hospodársky |
| 610 | 2 | 0 | |a prognózy |
| 610 | 2 | 0 | |a produkt domáci hrubý |
| 610 | 2 | 0 | |a príjmy |
| 610 | 2 | 0 | |a výdavky |
| 610 | 2 | 0 | |a rozpočet štátny |
| 610 | 2 | 0 | |a reformy daňové |
| 610 | 2 | 0 | |a spotrebitelia |
| 610 | 2 | 0 | |a Slovensko |
| 700 | 1 | |a Chajdiak, Jozef | |
| 700 | 1 | |a Luha, Ján | |